<?xml version="1.0" encoding="UTF-8"?><?xml-stylesheet type="text/xsl" href="static/style.xsl"?><OAI-PMH xmlns="http://www.openarchives.org/OAI/2.0/" xmlns:xsi="http://www.w3.org/2001/XMLSchema-instance" xsi:schemaLocation="http://www.openarchives.org/OAI/2.0/ http://www.openarchives.org/OAI/2.0/OAI-PMH.xsd"><responseDate>2026-06-03T05:26:29Z</responseDate><request verb="GetRecord" identifier="oai:riuma.uma.es:10630/18066" metadataPrefix="marc">https://riuma.uma.es/rest/oai/request</request><GetRecord><record><header><identifier>oai:riuma.uma.es:10630/18066</identifier><datestamp>2026-02-03T12:03:45Z</datestamp><setSpec>com_10630_2254</setSpec><setSpec>col_10630_37959</setSpec></header><metadata><record xmlns="http://www.loc.gov/MARC21/slim" xmlns:dcterms="http://purl.org/dc/terms/" xmlns:doc="http://www.lyncode.com/xoai" xmlns:xsi="http://www.w3.org/2001/XMLSchema-instance" xsi:schemaLocation="http://www.loc.gov/MARC21/slim http://www.loc.gov/standards/marcxml/schema/MARC21slim.xsd">
   <leader>00925njm 22002777a 4500</leader>
   <datafield ind2=" " ind1=" " tag="042">
      <subfield code="a">dc</subfield>
   </datafield>
   <datafield ind2=" " ind1=" " tag="720">
      <subfield code="a">Domínguez-de-la-Rosa, Laura</subfield>
      <subfield code="e">author</subfield>
   </datafield>
   <datafield ind2=" " ind1=" " tag="720">
      <subfield code="a">Somovilla Adame, Eva</subfield>
      <subfield code="e">author</subfield>
   </datafield>
   <datafield ind2=" " ind1=" " tag="260">
      <subfield code="c">2019-07-16</subfield>
   </datafield>
   <datafield ind2=" " ind1=" " tag="520">
      <subfield code="a">En este trabajo se presenta una investigación, en curso, sobre VFP. El objetivo principal es conocer cómo se está construyendo la vpf en los medios de comunicación. Se ha utilizado un método cualitativo. En una primera fase un análisis temático y en la segunda fase como complemento de la primera un análisis discursivo. Este último centrado en la propuesta de Potter y Wetherell (1987), bajo sus conceptos de “construcción” y “repertorios interpretativos”. Para ello, se han analizado diversos materiales audiovisuales. Entre los que destacan reportajes, noticias, entrevistas en radio y programas de televisión. &#xd;
De esta manera, se ha observado que los efectos de este fenómeno ha desbordado el ámbito social y familiar. La alarma social se centra en resaltar la dificultad de reeducar en corresponsabilidad, ante la transmisión de valores, reestablecer las relaciones de parentesco, reanudar los vínculos de apego y reinsertar legítimamente a estas familias.</subfield>
   </datafield>
   <datafield ind1="8" ind2=" " tag="024">
      <subfield code="a">https://hdl.handle.net/10630/18066</subfield>
   </datafield>
   <datafield tag="653" ind2=" " ind1=" ">
      <subfield code="a">Análisis del discurso</subfield>
   </datafield>
   <datafield tag="653" ind2=" " ind1=" ">
      <subfield code="a">Medios de comunicación</subfield>
   </datafield>
   <datafield ind2="0" ind1="0" tag="245">
      <subfield code="a">Análisis discursivo de la violencia filioparental en los medios de comunicación</subfield>
   </datafield>
</record>
</metadata></record></GetRecord></OAI-PMH>